<?xml version="1.0" encoding="UTF-8"?>
<marc:record xmlns:marc="http://www.loc.gov/MARC21/slim">
   <marc:leader>00000nam a2200000 a 4500</marc:leader>
   <marc:datafield ind1="1" ind2=" " tag="100">
      <marc:subfield code="a">Köhler, Stefanie</marc:subfield>
      <marc:subfield code="4">ctb</marc:subfield>
      <marc:subfield code="e">Mitwirkende/-r</marc:subfield>
   </marc:datafield>
   <marc:datafield ind1="1" ind2=" " tag="100">
      <marc:subfield code="a">Langer, Jutta</marc:subfield>
      <marc:subfield code="4">ctb</marc:subfield>
      <marc:subfield code="e">Mitwirkende/-r</marc:subfield>
   </marc:datafield>
   <marc:datafield ind1=" " ind2=" " tag="653">
      <marc:subfield code="a">Telefonieren</marc:subfield>
   </marc:datafield>
   <marc:datafield ind1=" " ind2=" " tag="653">
      <marc:subfield code="a">Bilderbuch</marc:subfield>
   </marc:datafield>
   <marc:datafield ind1="0" ind2="0" tag="245">
      <marc:subfield code="a">Wie kommt Oma ins Telefon?</marc:subfield>
   </marc:datafield>
   <marc:datafield ind1="0" ind2="0" tag="245">
      <marc:subfield code="c">Text und Konzeption: Stefanie Köhler. Ill.: Jutta Langer</marc:subfield>
   </marc:datafield>
   <marc:datafield ind1=" " ind2="1" tag="264">
      <marc:subfield code="a">Stuttgart</marc:subfield>
      <marc:subfield code="b">Nellio</marc:subfield>
      <marc:subfield code="c">2011</marc:subfield>
   </marc:datafield>
   <marc:datafield ind1="1" ind2=" " tag="490">
      <marc:subfield code="a">Leon &amp; Lotta</marc:subfield>
   </marc:datafield>
   <marc:datafield ind1="1" ind2=" " tag="520">
      <marc:subfield code="a">Angaben aus der Verlagsmeldung

Wie kommt Oma ins Telefon? : Leon &amp; Lotta / von Stefanie Köhler

Leon ist schon groß und stark, und er kann viele Sachen ganz alleine.
Und heute kommt etwas Weiteres hinzu: Telefonieren! Wie aufregend! Doch dann fällt das Telefon runter, und Leon macht sich Sorgen, dass die Oma sich da drin wehgetan hat. Was soll er tun? Wie immer hat Lotta die rettende Idee: oma muss schnell rausgeholt werden aus dem Telefon! Sie holt bereits den Werkzeugkasten, als das Telefon gleich noch mal klingelt ...
Ein Buch über das wunderbare Vorstellungsvermögen von Kindern, über spannende Erkenntnisse und über das Erlernen einer abstrakten Fähigkeit.
Extra auf der letzten Doppelseite: Ein Telefonschnur-Labyrinth. Wer telefoniert mit wem?
Lustiges, unkonventionelles Layout mit leicht zu erkennenden Bildern.
Kleines Suchbild, auf jeder Seite versteckt.
</marc:subfield>
   </marc:datafield>
   <marc:datafield ind1=" " ind2=" " tag="020">
      <marc:subfield code="a">9783942394154</marc:subfield>
      <marc:subfield code="9">9783942394154</marc:subfield>
   </marc:datafield>
   <marc:datafield ind1=" " ind2=" " tag="041">
      <marc:subfield code="a">ger</marc:subfield>
   </marc:datafield>
   <marc:datafield ind1=" " ind2=" " tag="300">
      <marc:subfield code="a">14] S.</marc:subfield>
   </marc:datafield>
</marc:record>
